000 00729nam a22001697a 4500
005 20260313164016.0
010 _aBACHN26
020 _a9789380823362
_c400.00
037 _bप्रतिभा प्रतिष्ठान
082 _21
_a
100 _aटैगोर, रवीन्द्रनाथ
_988534
245 _aरवीन्द्रनाथ टैगोर की लोकप्रिय कहानियाँ/
_bरवीन्द्रनाथ टैगोर
250 _a1
260 _bप्रतिभा प्रतिष्ठान
_c2025
_aनई दिल्ली
300 _a160पृ.
_c22सेमी(साजिल्द)
942 _2ddc
_cHN
_mटैगोर
_h
999 _c215546
_d215546